| 000 | 00790nam a2200241Ia 4500 | ||
|---|---|---|---|
| 003 | GCL | ||
| 008 | 140319s9999 xx 000 0 ara d | ||
| 020 | _a2133270977 | ||
| 040 |
_aGCL / _cGCL |
||
| 082 | 0 | 4 |
_a896.03 _bج ش |
| 100 | 1 | _aاحمد هريدى | |
| 245 | 1 | 0 |
_aشعب يوليو / _cاحمد هريدى |
| 700 | 1 | _aجورديمر، نادين | |
| 250 | _aالاولى | ||
| 260 |
_aالقاهرة : _bالدار المصرية اللبنانية ، _c1994 |
||
| 300 |
_a191 ص ؛ _c24 سم |
||
| 490 |
_aروايات جائزة نوبل _v5 |
||
| 650 | 0 | 4 | _aالادب الافريقى |
| 650 | 0 | 4 | _aالقصص الافريقية |
| 650 | 0 | 4 | _aالادب الافريقى المترجم |
| 650 | 0 | 4 | _aالقصص الافريقية المترجمة |
| 942 |
_2ddc _cBK |
||
| 999 |
_c40617 _d40617 |
||